| 000 | 00991nam a2200253 a 4500 | ||
|---|---|---|---|
| 001 | 000026482 | ||
| 005 | 20200930030240.0 | ||
| 008 | 110321s1980 mx r 000 0 spa d | ||
| 020 | _a9682309808 | ||
| 040 |
_aDO-SdBNP _bspa _cBNPHU |
||
| 041 | 1 | 7 |
_aspa _heng _2Código de idioma MARC |
| 082 |
_axxx _bL141p, 1980 |
||
| 100 | 1 |
_aLaclau, Ernesto _d1935- _953551 |
|
| 240 | 1 | 0 |
_aPolitics and ideology in marxist theory. Capitalism-fascism-populism _lEspañol. |
| 245 | 1 | 0 |
_aPolítica e ideología en la teoría marxista : _bcapitalismo, fascismo, populismo / _cErnesto Laclau. |
| 250 | _a2a ed. | ||
| 260 |
_aMéxico, D. F. : _bSiglo Veintiuno Editores, _c1980. |
||
| 300 |
_a233, [3] P. ; _c21 cm. |
||
| 490 | 1 | _aSociología y política | |
| 504 | _aIncluye referencias bibliográficas y notas al pie de las páginas | ||
| 534 |
_aTítulo del original: _tPolitics and ideology in marxist theory. Capitalism-fascism-populism |
||
| 830 | 0 |
_aSociología y política _917789 |
|
| 049 | _aBNGR | ||
| 999 |
_c25974 _d25974 |
||